| 000 | 00481nam a22001457a 4500 | ||
|---|---|---|---|
| 003 | ASAB | ||
| 005 | 20180827062834.0 | ||
| 008 | 180510t xxu||||| |||| 00| 0 eng d | ||
| 040 | _cASAB | ||
| 100 |
_aBAYYANAH BATOOL-Sup-Dr. Muhammad Ashraf _93851 |
||
| 245 |
_aTH-MS-PCR based detection of enterovirus of municiplal water samples in Lahore _cBAYYANAH BATOOL-Sup-Dr. Muhammad Ashraf |
||
| 300 |
_aviii, 58 P _b30 cm |
||
| 630 |
_aVirology and Immunology _93852 |
||
| 942 |
_2ddc _cTH |
||
| 999 |
_c480826 _d480826 |
||